header

Spatial data infrastructures at work (Record no. 220315)

MARC details
000 -LEADER
fixed length control field 01363nam a2200313 a 4500
082 04 - DEWEY DECIMAL CLASSIFICATION NUMBER
Classification number 025.04
100 1# - MAIN ENTRY--AUTHOR NAME
Personal name Dessers, Ezra.
245 10 - TITLE STATEMENT
Title Spatial data infrastructures at work
260 ## - PUBLICATION, DISTRIBUTION, ETC. (IMPRINT)
Place of publication Louvain, Belgium :
Name of publisher Leuven University Press,
Year of publication c2013.
300 ## - PHYSICAL DESCRIPTION
Number of Pages 1 online resource (254 p.) :
Other physical details ill., photographs.
650 #0 - SUBJECT ADDED ENTRY--TOPICAL TERM
Topical Term Spatial data infrastructures.
Topical Term Geographic information systems.
856 40 - ELECTRONIC LOCATION AND ACCESS
Uniform Resource Identifier http://site.ebrary.com/lib/rucke/Doc?id=10749605
588 ## -
-- Description based on online resource; title from title page (ebrary, viewed September 5, 2013).

No items available.

© 2026 Rongo University
Contact us: librarian | system librarian | Rongo university